<?xml version="1.0" encoding="UTF-8"?>
<record
    xmlns:xsi="http://www.w3.org/2001/XMLSchema-instance"
    xsi:schemaLocation="http://www.loc.gov/MARC21/slim http://www.loc.gov/standards/marcxml/schema/MARC21slim.xsd"
    xmlns="http://www.loc.gov/MARC21/slim">

  <leader>00748nab a2200205 uc4500</leader>
  <controlfield tag="001">671012</controlfield>
  <controlfield tag="005">20240917090234.0</controlfield>
  <controlfield tag="008">010622e20010401                    spa  </controlfield>
  <datafield tag="035" ind1=" " ind2=" ">
    <subfield code="a">671012</subfield>
  </datafield>
  <datafield tag="035" ind1=" " ind2=" ">
    <subfield code="a">(OCoLC)819909896</subfield>
  </datafield>
  <datafield tag="040" ind1=" " ind2=" ">
    <subfield code="c">comduadb</subfield>
  </datafield>
  <datafield tag="041" ind1=" " ind2=" ">
    <subfield code="a">spa</subfield>
  </datafield>
  <datafield tag="100" ind1="1" ind2="0">
    <subfield code="a">Moreno Rivas, &#xC1;lvaro Mart&#xED;n</subfield>
    <subfield code="4">aut</subfield>
    <subfield code="0">(isni)0000 0000 4695 8848</subfield>
    <subfield code="0">(viaf)56421200</subfield>
    <subfield code="e">aut</subfield>
    <subfield code="9">632787</subfield>
  </datafield>
  <datafield tag="245" ind1="1" ind2="0">
    <subfield code="a">Salida, voz y lealtad: que sucede en la educacion publica</subfield>
  </datafield>
  <datafield tag="650" ind1=" " ind2="7">
    <subfield code="a">Pol&#xED;ticas p&#xFA;blicas</subfield>
    <subfield code="z">Colombia</subfield>
    <subfield code="2">embne</subfield>
    <subfield code="9">69197</subfield>
  </datafield>
  <datafield tag="650" ind1=" " ind2="7">
    <subfield code="a">Educaci&#xF3;n p&#xFA;blica</subfield>
    <subfield code="2">lemb</subfield>
    <subfield code="9">2469</subfield>
  </datafield>
  <datafield tag="650" ind1=" " ind2=" ">
    <subfield code="a">Descentralizaci&#xF3;n educativa</subfield>
    <subfield code="9">16775</subfield>
  </datafield>
  <datafield tag="773" ind1="0" ind2=" ">
    <subfield code="t">Econom&#xED;a Colombiana y Coyuntura Pol&#xED;tica (Bogot&#xE1;)</subfield>
    <subfield code="g">No. 283, Abr. 2001, p. 91-98</subfield>
    <subfield code="w">133114</subfield>
    <subfield code="x">0120-4998</subfield>
    <subfield code="0">71163</subfield>
  </datafield>
  <datafield tag="942" ind1=" " ind2=" ">
    <subfield code="c">ARIMP</subfield>
  </datafield>
  <datafield tag="999" ind1=" " ind2=" ">
    <subfield code="c">202585</subfield>
    <subfield code="d">202585</subfield>
  </datafield>
</record>
